Statistiques concernant Les pays ayant la plus petite superficie

Cliquez ici pour prendre le quiz!

Statistiques générales

  • Ce quiz a été pris 239 fois
  • Le résultat moyen est 14 sur 20

Statistiques - réponses

HintSuperficieRéponse% Correct
10,44 km²Vatican
98%
22 km²Monaco
97%
15468 km²Andorre
90%
561 km²Saint-Marin
89%
6160 km²Liechtenstein
86%
321 km²Nauru
72%
426 km²Tuvalu
69%
7261 km²Saint-Christophe-et-Niévès
67%
16616 km²Sainte-Lucie
67%
10389 km²Saint-Vincent-et-les-Grenadines
65%
19729 km²Singapour
65%
20747 km²Tonga
64%
11431 km²Barbade
59%
18726 km²Kiribati
59%
9315 km²Malte
59%
12442 km²Antigua-et-Barbuda
56%
17702 km²Etats fédérés de Micronésie
56%
14459 km²Palaos
55%
13457 km²Seychelles
53%
8300 km²Maldives
50%

Distribution des résultats

Percentile par nombre de réponses

% des personnes avec chaque résultat

Votre développement - résultats

Vous n’avez pas pris ce quiz